Parenting with love & limits. (Record no. 14697)

000 -LEADER
fixed length control field 00687nam a2200193 a 4500
001 - CONTROL NUMBER
control field :::00012530$&:&@@
003 - CONTROL NUMBER IDENTIFIER
control field OkBaRHE
005 - DATE AND TIME OF LATEST TRANSACTION
control field 20000607103420.0
008 - FIXED-LENGTH DATA ELEMENTS--GENERAL INFORMATION
fixed length control field s1987 j 000 0 eng u
040 ## - CATALOGING SOURCE
Transcribing agency
100 1# - MAIN ENTRY--PERSONAL NAME
Personal name Narramore, Bruce.
245 10 - TITLE STATEMENT
Title Parenting with love & limits.
260 ## - PUBLICATION, DISTRIBUTION, ETC. (IMPRINT)
Place of publication, distribution, etc Grand Rapids, MI., :
Name of publisher, distributor, etc Zondervan Publishing House
Date of publication, distribution, etc c1987
300 ## - PHYSICAL DESCRIPTION
Extent 256 p. ;
Dimensions 22 cm.
650 ## - SUBJECT ADDED ENTRY--TOPICAL TERM
Topical term or geographic name as entry element Parenting
General subdivision Religious Aspects
-- Christianity
942 ## - ADDED ENTRY ELEMENTS (KOHA)
Source of classification or shelving scheme
Koha item type Books
Copies
Shelving location Date acquired Permanent Location Full call number Withdrawn status Koha item type Barcode Not for loan Price effective from Lost status Date last seen Damaged status Source of classification or shelving scheme Copy number
General Stacks2010-04-14RHEMA Bible Training CollegeHQ 755.8 .N37 Books12530 2010-04-14 2010-04-14  1
General Stacks2010-04-14RHEMA Bible Training CollegeHQ 755.8 .N37 Books16632 2010-04-14 2010-04-14  2